00711nam a2200205 4500999001500000001000500015003000900020005001700029008004100046040003800087082002400125245006600149260004500215300002200260505001200282650004400294700002800338942001200366952012700378 c1835d18359574BD-DhUAP20200217102940.0200216s1992 bg mx p w 0 a0eng d aBD-DhAALcBD-DhAALbEngdBD-DhUAP00223a340.5492115 BAN00aBangladesh legal decision /cedited by A. T. M. Kamrul Islam. aDhaka :bBangladesh Bar Council,cc1992. avolumes ;c26 cm. aV. 12-- aLawxPsychological aspectszBangladesh. aIslam, A. T. M. Kamrul. 2ddccBK 00102ddc4070aUAPCLbUAPCLcGeneral Stacksd2020-02-17o340.5492115 BAN V-12p3010009574r2020-02-17t1w2020-02-17yBK